Sci-Fi/Fantasy Series by Character Quiz Stats

 Plays Quiz not verified by Sporcle

Challenge
Share
Tweet
Embed
Score 0/22 Timer 08:00
0 Plays Today
Character Series % Correct
Spock, Nyota Uhara, Montgomery ScottStar Trek: The Original Series
94.7%
Jean-Luc Picard, Beverly Crusher, Deanna TroiStar Trek: The Next Generation
88.6%
Fox Mulder, Dana Scully, Walter SkinnerThe X-Files
88.6%
Kathryn Janeway, Chakotay, B'Elanna TorresStar Trek: Voyager
69.2%
Malcolm Reynolds, Inara Serra, River TamFirefly
68.1%
Rupert Giles, Willow Rosenberg, Xander HarrisBuffy the Vampire Slayer
66.2%
Benjamin Sisko, Kira Nerys, Jadzia DaxStar Trek: Deep Space Nine
66%
Rose Tyler, Donna Noble, Mickey SmithDoctor Who
63%
Jonathan Archer, T'Pol, Charles Tucker IIIStar Trek: Enterprise
61.5%
Laura Roslin, Kara Thrace, Lee AdamaBattlestar Galactica
60.2%
Kate Austen, John Locke, Juliet BurkeLost
59.2%
Character Series % Correct
Jack Harkness, Gwen Cooper, Ianto JonesTorchwood
58.2%
Daniel Jackson, Vala Mal Doran, Teal'cStargate SG-1
50.7%
Claire Bennet, Niki Sanders, Matt ParkmanHeroes
49.1%
Olivia Dunham, Walter Bishop, Astrid FarnsworthFringe
41%
Sydney Bristow, Irina Derevko, Nadia SantosAlias
39.6%
John Crichton, Aeryn Sun, ChianaFarscape
39.5%
John Sheppard, Elizabeth Weir, Rodney McKayStargate Atlantis
38.1%
John Sheridan, Susan Ivanova, DelennBabylon 5
37.3%
Echo, Boyd Langton, SierraDollhouse
33.5%
Jack Carter, Allison Blake, Jo LupoEureka
23.5%
Diana Skouris, Tom Baldwin, Maia RutledgeThe 4400
10.8%

You're not logged in!

Compare scores with friends on all Sporcle quizzes.
OR
Log In

You Might Also Like...

Show Comments

Extras

Top Quizzes Today


Score Distribution

Your Account Isn't Verified!

In order to create a playlist on Sporcle, you need to verify the email address you used during registration. Go to your Sporcle Settings to finish the process.

Report this User

Report this user for behavior that violates our Community Guidelines.

Details: